00326nam a2200109 a 4500008004100000050001100041100002000052245008700072246003900159260000900198350000900207120416s9999 ||||||||||||||||| || u aTHESIS aPhiri, Andiseya10aInformal sector entrepreneurship and employment creation in peri-urban settlements aa case of Chawama Township, Lusaka a2003 a0.00